Normal view
MARC view
- Soil conservation.
Entry Topical Term
001 - CONTROL NUMBER
- control field: 6960
003 - CONTROL NUMBER IDENTIFIER
- control field: NUST
005 - DATE AND TIME OF LATEST TRANSACTION
- control field: 20171206094826.0
008 - FIXED-LENGTH DATA ELEMENTS
- fixed length control field: 171206|| aca||aabn | a|a d
040 ## - CATALOGING SOURCE
- Original cataloging agency: NUST
- Transcribing agency: NUST
150 ## - HEADING--TOPICAL TERM
- Topical term or geographic name entry element: Soil conservation.
670 ## - SOURCE DATA FOUND
- Source citation: Work cat.: (NUST)0: Schwab, Glenn Orville, 1919- 6959, soil and water conservation engineering /, 2002..
